00565nam a2200181Ii 450000100060000000300090000600800410001504000330005604100080008908200160009711000520011324500580016526400670022330000120029033600260030233700280032833800270035611611CO-ViMGA241108s9999||||xx |||||||||||||| ||und|| aCO-ViMGAbspaerdacCO-ViMGA0 aspa04a028.5 T155c1 aTaller de talleres 1997: Santafé de Bogotá,10aCómo formar hijos lectores y no morir en el intento 1aBogotá, Colombia : Fundación Alejandro Angel Escobar, 1998 avolumen atextbtxt2rdacontent aunmediatedbn2rdamedia avolumebnc2rdacarrier